书目信息 |
| 题名: |
金融复杂性
|
|
| 作者: | 杨春霞 , 周涛 著 | |
| 分册: | ||
| 出版信息: | 北京 科学出版社 2013 |
|
| 页数: | 260页,[8页]图版 | |
| 开本: | 24cm | |
| 丛书名: | ||
| 单 册: | ||
| 中图分类: | F832.5 | |
| 科图分类: | ||
| 主题词: | 金融市场--复杂性理论--系统建模--研究--中国 , 金融市场 , 复杂性理论 , 系统建模 | |
| 电子资源: | ||
| ISBN: | 978-7-03-039169-8 | |
| 000 | 01448nam0 2200325 450 | |
| 001 | 523 | |
| 005 | 20140909165122.09 | |
| 010 | @a978-7-03-039169-8@dCNY69.00 | |
| 100 | @a20140120d2013 em y0chiy50 ea | |
| 101 | 0 | @achi |
| 102 | @aCN@b110000 | |
| 105 | @aaf z 000yy | |
| 106 | @ar | |
| 200 | 1 | @a金融复杂性@AJin Rong Fu Za Xing@e实证与建模@EShi Zheng Yu Jian Mo@f杨春霞,周涛著@FYang Chun Xia, Zhou Tao Zhu |
| 210 | @a北京@c科学出版社@d2013 | |
| 215 | @a260页,[8页]图版@c图@d24cm | |
| 300 | @a国家自然科学基金项目、江苏省青蓝工程项目联合资助 | |
| 312 | @a封面英文题名:Financial complexity: empirical and modeling | |
| 330 | @a本书将资本市场视为一个非线性动力学系统,建模研究了价格指数波动奇异性及其产生机制。首先,运用经验模态分解、去趋势分析、相位同步检测等方法分析了价格波动的周期行为、易变性的长程相关,并进行了金融危机的检测。其次,论述了多主体建模的原理和方法,并运用多主体建模技术建立多个市场模型,在模型有效的基础上分别研究了信息瀑布的形成以及投资者行为演化对价格波动的影响等热点问题。 | |
| 510 | 1 | @aFinancial complexity@eempirical and modeling@zeng |
| 517 | 1 | @a实证与建模@AShi Zheng Yu Jian Mo |
| 606 | 0 | @a金融市场@x复杂性理论@x系统建模@x研究@y中国 |
| 606 | 0 | @a金融市场 |
| 606 | 0 | @a复杂性理论 |
| 606 | 0 | @a系统建模 |
| 690 | @aF832.5@v5 | |
| 701 | 0 | @a杨春霞@AYang Chun Xia@c(金融)@4著 |
| 701 | 0 | @a周涛@AZhou Tao@c(金融)@4著 |
| 801 | 0 | @aCN@bTANGWEI@c20140603 |
| 905 | @b0839431-33@dF832.5@e110@f3 | |
| 金融复杂性:实证与建模/杨春霞,周涛著.-北京:科学出版社,2013 |
| 260页,[8页]图版:图;24cm |
| 国家自然科学基金项目、江苏省青蓝工程项目联合资助 |
| ISBN 978-7-03-039169-8:CNY69.00 |
| 本书将资本市场视为一个非线性动力学系统,建模研究了价格指数波动奇异性及其产生机制。首先,运用经验模态分解、去趋势分析、相位同步检测等方法分析了价格波动的周期行为、易变性的长程相关,并进行了金融危机的检测。其次,论述了多主体建模的原理和方法,并运用多主体建模技术建立多个市场模型,在模型有效的基础上分别研究了信息瀑布的形成以及投资者行为演化对价格波动的影响等热点问题。 |
| ● |
| 相关链接 |
|
|
|
|
正题名:金融复杂性
索取号:F832.5/110
 
预约/预借
| 序号 | 登录号 | 条形码 | 馆藏地/架位号 | 状态 | 备注 |
| 1 | 0839431 | 208394316 | 第一样本阅览室/ [索取号:F832.5/110] | 在馆 | |
| 2 | 0839432 | 208394325 | 第一借阅区/ [索取号:F832.5/110] | 在馆 | |
| 3 | 0839433 | 208394334 | 密集书库-海洋学院/ [索取号:F832.5/110] | 在馆 |